Pierrot le fou - Statistiques

Statistiques générales
  • Ce quiz a été pris 7 fois
  • Le résultat moyen est 7 sur 17
Statistiques - réponses
Hint Réponse % Correct
Réalisateur ? Godard
100%
Couleur de la chemise de Pierrot à la fin du film ? Rouge
100%
Qui est plus fou Pierrot ou Afflelou ? Pierrot
86%
Année de sortie du film ? 1965
43%
Comédien faisant une apparition sur le port (nordiste) ? Devos
43%
Compositeur de la bande son ? Duhamel
43%
Vrai prénom de Pierrot ? Ferdinand
43%
Actrice jouant le rôle de Marianne ? Karina
43%
Premiers mot du film (Nom d'artiste espagnol) ? Velazquez
43%
Animal adopté par le couple (mammifère) ? Fennec
29%
Pays en guerre contre la France pendant l'intrigue ? Algérie
14%
"Frère" de Marianne ? Fred
14%
Nom de famille de Pierrot ? Griffon
14%
Acteur célèbre faisant une brève apparition (scène du cinéma) ? Léaud
14%
Quel est la bande dessiné mis en avant dans le film ? Les Pieds nickelés
14%
Pierrot rencontre la princesse de quel pays ? Liban
14%
Ile de tournage du film ? Porquerolles
14%
Aucun quiz correspondant
Distribution des résultats
% des personnes avec chaque résultat
Percentile par nombre de réponses
Votre historique - résultats
Vous n’avez pas pris ce quiz